Aeropuertos más transitados del mundo por código IATA - Estadísticas

Estadísticas generales
  • Esta prueba ha sido intentada 145 veces
  • La puntuación promedio es 33 de 50
Estadísticas de respuestas
Código IATA Ciudad % Correcto
MAD Madrid
98%
ATL Atlanta
95%
BCN Barcelona
93%
PEK Pekín
93%
PKX Pekín
93%
AMS Ámsterdam
92%
LHR Londres
91%
EWR Nueva Jersey / Nueva York
91%
JFK Nueva York
91%
CDG Paris
91%
LAX Los Ángeles
90%
PVG Shanghái
90%
SHA Shanghái
90%
IST Estambul
87%
MIA Miami
87%
MEX Ciudad de México
86%
BOG Bogotá
85%
PHX Phoenix
83%
FCO Roma
83%
SFO San Francisco
83%
HND Tokio
83%
DOH Doha
81%
DXB Dubái
81%
SIN Singapur
81%
FRA Fráncfort
78%
HKG Hong Kong
74%
DEN Denver
73%
SEA Seattle
73%
DEL Nueva Delhi
71%
BKK Bangkok
65%
ICN Seúl
63%
YYZ Toronto
62%
ORD Chicago
61%
DFW Dallas
60%
MNL Manila
60%
KUL Kuala Lumpur
57%
MCO Orlando
57%
LAS Las Vegas
55%
BOM Bombay
50%
IAH Houston
47%
CAN Cantón / Guangzhou
43%
CGK Yakarta
36%
JED Yeda
25%
CLT Charlotte
22%
SZX Shenzhen
18%
XIY Xi'an
18%
TFU Chengdú
11%
CKG Chongqing
9%
KMG Kunming
7%
HGH Hanghzou
2%
No se encontraron pruebas coincidentes
Distribución de puntuación
Porcentaje de gente con cada puntuación
Porcentaje por número respondido
Historial de tus puntuaciones
No has intentado esta prueba.